| 000 | 00486nam a22001817a 4500 | ||
|---|---|---|---|
| 003 | MPLRDC | ||
| 005 | 20220104114333.0 | ||
| 008 | 210129b ||||| |||| 00| 0 eng d | ||
| 020 | _a957-679-845-0 | ||
| 082 | _a544.7 ART | ||
| 100 | _aSTEPHEN ARTERBURN, MARGARET JOSEPHSON RINCK | ||
| 245 |
_a再见!MR WRONG _c朱孟勳译 |
||
| 250 | _a初版 | ||
| 260 |
_a台湾 _b方智出版社股份有限公司 _c2002 |
||
| 300 | _b315 | ||
| 650 | _a两性关系 | ||
| 942 |
_cBK _o544.7 ART |
||
| 999 |
_c6694 _d6684 |
||